Responses for Show #1898 - Wednesday, December 2, 1992

Dennis Donohue game 1.

Contestants

[<< previous game]

Susan Merett, a financial editor originally from Columbus, Ohio

Dennis Donohue, an administrative services officer from Litchfield Park, Arizona

Art Waters, a consultant originally from Seattle, Washington (whose 1-day cash winnings total $10,801)

[next game >>]

Jeopardy! Round responses

U.S. GEOGRAPHY
MONTHS
SHORT STORIES
SIGNS & SYMBOLS
WAXES
WAYNES
    $100 6
the Gulf of Mexico

Dennis
    $100 1
March

Art
    $100 11
New Zealand

Dennis
    $100 26
V

Dennis
    $100 21
honey bees

Art
    $100 16
John Wayne

Susan
    $200 7
Pasadena

Dennis
    $200 2
May

Art
    $200 12
a ghost

Dennis
    $200 27
an apostrophe

Susan
    $200 22
a sperm whale

Susan
    $200 17
Wayne Newton

Dennis
    $300 8
Massachusetts

Susan
    $300 3
(Art: What is October?)

September

ArtSusan
    $300 13
New Orleans

Art
    $300 28
not equals

Art
    $300 23
paraffin

Art
    $300 18
Wayne Gretzky

Susan
    $400 9
Oahu

Art
    $400 4
October

Art
    $400 14
G.K. Chesterton

Susan
    $1,500 29
(Art: What is Neptune?)
...
(Alex: Remember the tail always pointing away from the sun. In this case the tail only on one side, so it's a [*].)

comet

Art
    $400 24
carnauba

Dennis
    $400 19
"Mad Anthony" Wayne

Susan
    $500 10
North Dakota

Dennis
    $500 5
(Susan: What is October?)
...
(Alex: 1825, not the early 1900s.)

December

DennisSusan
    $500 15
Washington Irving

Dennis
    $500 30
(Susan: What is rial?)

registered trademark

Susan
Triple Stumper
    $500 25
lanolin

Dennis
    $500 20
Wayne Morse

Art

Scores at the first commercial break (after clue 15):

Art Dennis Susan
$1,100 $2,100 $500

Scores at the end of the Jeopardy! Round:

Art Dennis Susan
$800 $3,300 $1,200

Double Jeopardy! Round responses

HISTORY
NEW TESTAMENT
INVENTORS & DISCOVERERS
SEAS
BRITS
HODGEPODGE
    $200 6
Napoleon

Dennis
    $200 26
Peter

Susan
    $200 21
a clock

Dennis
    $200 1
the Mediterranean

Art
    $200 11
(Art: What was Suez?)

the Cuban Missile Crisis

Art
Triple Stumper
    $200 16
the Washington Monument

Art
    $400 7
the Vietcong

Dennis
    $400 27
Herod

Art
    $400 22
DNA

Dennis
    $400 2
the Baltic

Dennis
    $400 12
Rhodes

Dennis
    $400 17
Falstaff

Art
    $600 8
Turkey

Art
    $600 28
John

Art
    $600 23
(Art: What is the ballpoint?)

fountain pen

ArtSusan
    $600 3
(Art: What is the Adriatic?)

the Aegean

ArtDennis
    $2,700 13
(Dennis: Who was Mountbatten?)
...
(Alex: He's of the Mountbatten family. Who is [*]?)

the Duke of Edinburgh (Prince Philip)

Dennis
    $600 18
acetylene

Susan
    $1,000 9
(Art: Who is Robespierre?)
...
(Alex: You remember the famous painting of him being stabbed by Charlotte Corday.)

Jean-Paul Marat

Art
    $800 29
the Garden of Gethsemane

Art
    $800 24
Pavlov

Art
    $800 4
the Black Sea

Art
    $800 14
Balfour

Susan
    $800 19
(Art: What is the Homestake Mine?)

the Comstock Lode

ArtDennis
    $1000 10
(Augusto) Pinochet

Dennis
    $1000 30
Paul

Triple Stumper
    $1000 25
Wassermann

Art
    $1000 5
(Art: What is the Tasmanian Sea?)

the Sea of Tasman

ArtDennis
    $1000 15
Nell Gwyn

Susan
    $1000 20
the Mosquito Coast

Dennis

Scores at the end of the Double Jeopardy! Round:

Art Dennis Susan
$2,400 $7,000 $4,400

[wagering suggestions for these scores]

Final Jeopardy! Round responses

ANCIENT POETS
ArtWho was Sappho?
$2,400
SusanWho was Sappho?
$401
DennisWho was Sappho?
$1,900
Sappho

Final scores:

Art Dennis Susan
$4,800 $8,900 $4,801
3rd place: Allen Edmonds shoes + Jeopardy & Wheel of Fortune video games New champion: $8,900 2nd place: trip to Nassau, the Bahamas

Game dynamics:

Coryat scores:

Art Dennis Susan
$4,900 $9,700 $4,400
19 R,
8 W
(including 2 DDs)
22 R,
1 W
(including 1 DD)
13 R,
2 W

Combined Coryat: $19,000

[game clues] [game scores] [suggest correction]

Game tape date: 1992-08-25
The J! Archive is created by fans, for fans. Scraping, republication, monetization, and malicious use prohibited; this site may use cookies and collect identifying information. See terms. The Jeopardy! game show and all elements thereof, including but not limited to copyright and trademark thereto, are the property of Jeopardy Productions, Inc. and are protected under law. This website is not affiliated with, sponsored by, or operated by Jeopardy Productions, Inc. Join the discussion at JBoard.tv.